Nihon keizai to infurēshon /

Saved in:
Bibliographic Details
Main Author: Hosaka, Naomichi, 1935-
Format: Book
Language:Japanese
Published: Tōkyō : Sanʾichi Shobō, 1980.
Subjects:
Tags: Add Tag
No Tags, Be the first to tag this record!
LEADER 00895nam a2200265ua 4500
001 007765663-6
005 20024617115958.0
008 880901s1980 ja a b 000 0 jpn d
035 0 |a ocm23320901 
040 |a MiU  |c MiU  |d TxU  |d *YNH*  |d CStRLIN 
043 |a a-ja--- 
050 4 |a HG229  |b .H83 
100 1 |6 880-01  |a Hosaka, Naomichi,  |d 1935- 
245 1 0 |6 880-02  |a Nihon keizai to infurēshon /  |c Hosaka Naomichi. 
260 |6 880-03  |a Tōkyō :  |b Sanʾichi Shobō,  |c 1980. 
300 |a 246 p. :  |b ill. ;  |c 20 cm. 
504 |a Includes bibliographical references. 
650 0 |a Inflation (Finance)  |z Japan. 
650 0 |a Balance of payments  |z Japan. 
651 0 |a Japan  |x Economic policy  |y 1945- 
880 1 |6 100-01  |a 保坂直達,  |d 1935- 
880 1 0 |6 245-02  |a 日本経済とインフレ- ション /  |c 保坂直達. 
880 |6 260-03  |a 東京 :  |b 三一書房,  |c 1980. 
988 |a 20021214 
906 |0 OCLC